Capitales commençant par L - Statistiques

Statistiques générales
  • Ce quiz a été pris 196 fois
  • Le résultat moyen est 6 sur 10
Statistiques - réponses
Capitales % Correct
Lima
76%
Lisbonne
71%
Luanda
68%
Londres
66%
Luxembourg
61%
Lomé
54%
Ljubljana
53%
Lusaka
53%
Lilongwe
44%
Libreville
40%
Aucun quiz correspondant
Distribution des résultats
% des personnes avec chaque résultat
Percentile par nombre de réponses
Votre historique - résultats
Vous n’avez pas pris ce quiz